000 01418nam a2200169Ia 4500
005 20250630125008.0
008 250630s9999 xx 000 0 und d
020 _a9781848853058
082 _a914.40434
_bSMO
100 _aSmollett, Tobias
245 0 _aTravels Through France and Italy
260 _bTauris Parke Paperbacks
_c2010
300 _a356 pages
500 _aCLASSIC TRAVEL WRITING. In 1763, Tobias Smollett set sail from Folkestone to Boulogne. He would not return to England for two years, during which time he travelled extensively - and in a notoriously ill-tempered fashion - through much of France and Italy. Smollett, seemed 'determined to be pleased with nothing' and was 'sardonic, satirical and decidedly gloomy'. In Paris, everything had 'shrunk' and was twice as expensive as his last visit. Versailles was a 'dismal habitation'. In Rome, he felt that Michelangelo's "Last Judgement" resembled a mob; his inn in San Remo was more miserable than the worst alehouse in England and in Lerici he was sure he would be poisoned. And yet, there were places where even Smollett could not fail to be captivated. Funny, honest and full of subtle magic, this is a rare and revealing portrait of 18th century Europe at a time when Marie Antoinette had just become queen of all France, the Grand Tour was in its infancy and Cannes was a quiet fishing village.
650 _aHistory
942 _cENGLISH
999 _c574385
_d574385